Qibla charts Qibla maps

Bibliographic Details
Published in:The history of cartography, J.B. Harley and David Woodward, Chicago [etc.], P. 189-205 (1)
Main Authors: King, David A., Lorch, Richard P.
Content type: Article
Published: 1992
Source:MPIPL_cat
_version_ 1863687004838952963
author King, David A.
author2 Lorch, Richard P.
author2_variant r p l rp rpl
author_facet King, David A.
Lorch, Richard P.
author_search King, David A.
Lorch, Richard P.
author_sort King, David A.
author_variant d a k da dak
collection_details MPIPL
container_reference P. 189-205
container_start_page 189
container_title Cartography in the traditional Islamic and South Asian societies. vol. 2. 1
dedup_id_str MPIPL_cat.PL0053686
dewey-hierarchy 0/[Unassigned]/
dewey-hierarchy_str 0/[Unassigned]/
first_indexed 2026-03-14T00:40:06Z
format 0/Artikel/
format_str 0/Artikel/
fullrecord <?xml version="1.0" encoding="UTF-8"?> <collection xmlns:xsi="http://www.w3.org/2001/XMLSchema-instance" xsi:schemaLocation="http://www.loc.gov/MARC21/slim http://www.loc.gov/standards/marcxml/schema/MARC21slim.xsd" xmlns="http://www.loc.gov/MARC21/slim"> <record> <leader>00000naa a2200000 u 4500</leader> <controlfield tag="001">PL0053686</controlfield> <controlfield tag="003">PLI01000000000000000053366</controlfield> <controlfield tag="005">00000000000000.0</controlfield> <controlfield tag="008"> ||| u </controlfield> <datafield tag="100" ind1="1" ind2=" "> <subfield code="a">King, David A.</subfield> </datafield> <datafield tag="245" ind1="0" ind2="0"> <subfield code="a">Qibla charts Qibla maps</subfield> <subfield code="c">David A. King and Richard P. Lorch</subfield> </datafield> <datafield tag="260" ind1=" " ind2=" "> <subfield code="c">1992</subfield> </datafield> <datafield tag="700" ind1="1" ind2=" "> <subfield code="a">Lorch, Richard P.</subfield> </datafield> <datafield tag="952" ind1=" " ind2=" "> <subfield code="h">P. 189-205</subfield> </datafield> <datafield tag="996" ind1=" " ind2=" "> <subfield code="a">Aufsatz</subfield> </datafield> <datafield tag="997" ind1=" " ind2=" "> <subfield code="a">book chapter</subfield> </datafield> <datafield tag="773" ind1="0" ind2="8"> <subfield code="t">The history of cartography</subfield> <subfield code="a">J.B. Harley and David Woodward</subfield> <subfield code="k">1</subfield> <subfield code="d">Chicago [etc.]</subfield> <subfield code="g">P. 189-205</subfield> <subfield code="w">MPIPL_cat.PL0053654</subfield> <subfield code="z">0-226-31635-1</subfield> <subfield code="i">In:</subfield> </datafield> </record> </collection>
hierarchy_parent_id MPIPL_cat.PL0053654
hierarchy_parent_title Cartography in the traditional Islamic and South Asian societies. vol. 2. 1
id MPIPL_cat.PL0053686
illustrated Not Illustrated
institution MPIPL_cat
institution_str MPIPL_cat
isbn 9780226316352
0-226-31635-1
language und
language_str und
last_indexed 2026-04-27T23:41:37Z
local_fields Aufsatz
online false
online_MPIPL_cat false
online_str false
publishDate 1992
publishDate_str 1992
record_format marc
spelling King, David A.
Qibla charts Qibla maps
David A. King and Richard P. Lorch
1992
Lorch, Richard P.
The history of cartography
J.B. Harley and David Woodward
1
Chicago [etc.]
P. 189-205
0-226-31635-1
In
spellingShingle King, David A.
Qibla charts Qibla maps
title Qibla charts Qibla maps
title_full Qibla charts Qibla maps David A. King and Richard P. Lorch
title_fullStr Qibla charts Qibla maps David A. King and Richard P. Lorch
title_full_unstemmed Qibla charts Qibla maps David A. King and Richard P. Lorch
title_search Qibla charts Qibla maps
title_short Qibla charts Qibla maps
title_sort qibla charts qibla maps david a king and richard p lorch